Terbanglah Wahai Burung

Bibliographic Details
Main Author: Rozita Mohamed
Format: Book
Published: Seri Kembangan : Pustaka Pepada Jaya , 2000
Series:Siri Persada Murni
Subjects:

MARC

LEADER 00000cam a2200000 7i4500
001 0000040708
005 20090424.0
020 |a 9830221407 
090 0 0 |a JF   |b ROZ 
100 0 |a Rozita Mohamed, 
245 1 0 |a Terbanglah Wahai Burung   |c Rozita Mohamed 
260 |a Seri Kembangan :   |b Pustaka Pepada Jaya ,   |c 2000 
300 |a 14p. :   |b ill. ;   |c 22cm. 
490 0 |a Siri Persada Murni 
650 0 0 |a Terbanglah Wahai Burung 
999 |a 092194   |b BUKU   |c PINJAMAN   |e PERPUSTAKAAN KOMUNITI CAW KOTA DAMANSARA